00719nam a2200193 a 4500008004100000020001500041050001700056100001900073245002900092260004900121300002300170350000900193500001800202650001500220650003200235995010800267999001700375952013300392120416s1999 ||||||||||||||||| || u a0521624789 aQE 534.2 Udi aUdias, Agustin10aPrinciples of seismology aCambridgebCambridge University Pressc1999. axiv, 475 p. : ill. a0.00 aBibliography. aSeismology aGEOLOGY--STUDY AND TEACHING D0.00FCBU-MAIN LIBRARY (Kitwe)H1I0.00M1UAVAILABLEWAug 4, 2006ZMain Library Open Access Collection c54646d54646 00102lcc4070a001b001cMain Library Open Access Collectiond2022-11-30l0oQE 534.2 Udip029126r2022-11-30w2022-11-30y002